[Event "SLO-ch U12 Girls"]
[Site "Postojna"]
[Date "2008.03.01"]
[Round "9"]
[White "Premk, Eva"]
[Black "Breznik, Martina"]
[Result "1-0"]
[WhiteElo "1500"]
[BlackElo "1500"]
[PlyCount "97"]
[EventDate "2008.02.24"]
[EventType "swiss"]
[EventRounds "9"]
[EventCountry "SLO"]
[SourceTitle "EXT 2010"]
[Source "ChessBase"]
[SourceDate "2010.11.25"]
[SourceVersion "1"]
[SourceVersionDate "2010.11.25"]
[SourceQuality "1"]

1. e4 e5 2. Nf3 Nc6 3. Bb5 Nf6 4. d3 Bc5 5. 0-0 Ng4 6. Bg5 f6 7. Bh4 Nxf2 8. Bxf2 d6 9. Nbd2 0-0 10. Nb3 b6 11. Bxc6 Rb8 12. Bd5+ Kh8 13. d4 exd4 14. Nbxd4 Qe7 15. Re1 f5 16. exf5 Qf6 17. c3 Bxf5 18. Bh4 Qg6 19. Re6 Bxe6 20. Qb1 Bf5 21. Qd1 c6 22. Bxc6 Rbc8 23. Bb7 Rc7 24. Ba6 Re8 25. Bb5 Bh3 26. Qd2 Bg4 27. Qf2 Re4 28. Rd1 Rf7 29. Rd3 Ref4 30. Bc6 b5 31. Re3 Qh5 32. Qe1 h6 33. b4 Bb6 34. Re8+ Kh7 35. Be4+ g6 36. Rb8 Bc7 37. Rb7 Bf5 38. Bd5 g5 39. Bxf7 Qxf7 40. Bg3 Rg4 41. Nxf5 a6 42. Nxd6 Qxa2 43. Rxc7+ Kg6 44. Ne5+ Kf6 45. Nxg4+ Kg6 46. Ne5+ Kh5 47. Rf7 Qd5 48. Qe2+ g4 49. Qxg4# 1-0

[Event "SLO-ch U12 Girls"]
[Site "Postojna"]
[Date "2008.02.28"]
[Round "6"]
[White "Premk, Eva"]
[Black "Skvorc, Tjasa"]
[Result "0-1"]
[WhiteElo "1500"]
[BlackElo "1500"]
[PlyCount "98"]
[EventDate "2008.02.24"]
[EventType "swiss"]
[EventRounds "9"]
[EventCountry "SLO"]
[SourceTitle "EXT 2010"]
[Source "ChessBase"]
[SourceDate "2010.11.25"]
[SourceVersion "1"]
[SourceVersionDate "2010.11.25"]
[SourceQuality "1"]

1. d4 e6 2. d5 e5 3. e4 Nf6 4. Bd3 Bc5 5. Be3 Bb6 6. Nf3 d6 7. 0-0 Bg4 8. h3 Bh5 9. Nc3 h6 10. Rc1 0-0 11. Ne2 Nfd7 12. Ng3 Bxf3 13. Qxf3 c6 14. Qd1 cxd5 15. exd5 Nf6 16. c4 Nbd7 17. Ne4 Bd4 18. Qc2 Rc8 19. Qb1 Qb6 20. Rc2 Bxe3 21. b3 Bd4 22. b4 Nxe4 23. Bxe4 Nf6 24. Bf5 e4 25. Qe1 Rfe8 26. Kh2 Be5+ 27. g3 Rc7 28. Qe3 Qxe3 29. fxe3 b5 30. Rfc1 bxc4 31. Rxc4 Rxc4 32. Rxc4 Nxd5 33. Bxe4 Nxe3 34. Bc6 Rc8 35. Re4 Rxc6 36. Rxe3 Rc2+ 37. Kg1 Rxa2 38. Re1 Bxg3 39. Re8+ Kh7 40. Kh1 Rh2+ 41. Kg1 Rb2 42. Rd8 Rxb4 43. Kg2 Be5 44. Kf2 a5 45. Ke3 a4 46. Rc8 a3 47. Rc1 a2 48. h4 a1Q 49. Rxa1 Bxa1 0-1